Slovak Winter Seminar of Regional Science Papers of 8th Slovak Winter Seminar of Regional Science
Salvato in:
| Enti autori: | , , |
|---|---|
| Altri autori: | , , |
| Natura: | Libro |
| Lingua: | inglese |
| Pubblicazione: |
Bratislava
Publishing House EKONOM
2018
|
| Edizione: | 1st Edition |
| Soggetti: | |
| Tags: |
Nessun Tag, puoi essere il primo ad aggiungerne!!
|
MARC
| LEADER | 00000nlm a2200000 4500 | ||
|---|---|---|---|
| 001 | 0250101 | ||
| 005 | 20250815112841.8 | ||
| 020 | |a 978-80-225-4540-2 | ||
| 041 | 0 | |a eng | |
| 044 | |a SK | ||
| 245 | 1 | 0 | |a Slovak Winter Seminar of Regional Science |b Papers of 8th Slovak Winter Seminar of Regional Science |c Editor: Tomáš Černěnko ; Reviewers: Mikuláš Černota, Natália Zagoršeková ... [et al.] |
| 250 | |a 1st Edition | ||
| 264 | 1 | |a Bratislava |b Publishing House EKONOM |c 2018 | |
| 300 | |a CD-ROM [150 s.] [7,50 AH] | ||
| 610 | 2 | 0 | |a politika regionálna |
| 610 | 2 | 0 | |a aglomerácie priemyselné |
| 610 | 2 | 0 | |a klaster |
| 610 | 2 | 0 | |a vývoj hospodársky |
| 610 | 2 | 0 | |a priemysel |
| 610 | 2 | 0 | |a regióny |
| 610 | 2 | 0 | |a kreativita |
| 610 | 2 | 0 | |a podnikanie |
| 610 | 2 | 0 | |a inovácia |
| 610 | 2 | 0 | |a politika |
| 610 | 2 | 0 | |a kohézia |
| 610 | 2 | 0 | |a rozvoj regionálny |
| 610 | 2 | 0 | |a trh práce |
| 610 | 2 | 0 | |a migrácia |
| 610 | 2 | 0 | |a univerzity |
| 610 | 2 | 0 | |a urbanizácia |
| 610 | 2 | 0 | |a správa verejná |
| 610 | 2 | 0 | |a Slovensko |
| 610 | 2 | 0 | |a Európa |
| 700 | 1 | |a Černěnko, Tomáš, 1981- | |
| 700 | 1 | |a Černota, Mikuláš, 1979- | |
| 700 | 1 | |a Zagoršeková, Natália, 1991- | |
| 110 | 2 | |a Slovak Winter Seminar of Regional Science | |
| 710 | 2 | |a Spoločnosť pre regionálnu vedu a politiku | |
| 710 | 2 | |a Národohospodárska fakulta EU. Katedra verejnej správy a regionálneho rozvoja | |